书目信息 |
| 题名: |
电工电子实验与计算机仿真
|
|
| 作者: | 邹其洪 编著 | |
| 分册: | ||
| 出版信息: | 北京 电子工业出版社 2003.09 |
|
| 页数: | 500页 | |
| 开本: | 24cm | |
| 丛书名: | 高等学校电工电子实践系列 | |
| 单 册: | ||
| 中图分类: | TN-33 | |
| 科图分类: | ||
| 主题词: | 电工技术--dian gong ji shu--实验--计算机仿真--高等学校--教材 , 电子技术--dian zi ji shu--实验--计算机仿真--高等学校--教材 | |
| 电子资源: | ||
| ISBN: | 7-5053-9117-8 | |
| 000 | 01211nam 2200277 45 | |
| 001 | 0100329523 | |
| 005 | 20051110103109.70 | |
| 010 | @a7-5053-9117-8@dCNY38.00 | |
| 100 | @a20031210d2003 kmey0chiy0121 ea | |
| 101 | 0 | @achi |
| 102 | @aCN@b110000 | |
| 105 | @aa a 000yy | |
| 200 | 1 | @a电工电子实验与计算机仿真@ADian Gong Dian Zi Shi Yan Yu Ji Suan Ji Fang Zhen@f邹其洪等编著 |
| 210 | @a北京@c电子工业出版社@d2003.09 | |
| 215 | @a500页@c图@d24cm | |
| 225 | 2 | @a高等学校电工电子实践系列@Agao deng xue xiao dian gong dian zi shi jian xi lie |
| 320 | @a有书目。 | |
| 330 | @a本书是为高等学校电子、自动化、电气工程等相关专业编著的实验课程教材。本书共分9章。第1,2,3章介绍了常用电工测量仪表、电子测量仪器和电子电路元器件的基本原理和使用方法。第4章介绍了电子工作台EWB的基本操作方法,虚拟电子器件、虚拟仪器仪表和虚拟电路的组建与 | |
| 333 | @a作为本科生电子技术基础课程的实验教材。 | |
| 410 | 0 | @12001 @a高等学校电工电子实践系列 |
| 606 | 0 | @a电工技术@Adian gong ji shu@x实验@x计算机仿真@x高等学校@x教材 |
| 606 | 0 | @a电子技术@Adian zi ji shu@x实验@x计算机仿真@x高等学校@x教材 |
| 690 | @aTN-33@v4 | |
| 701 | 0 | @a邹其洪@AZou Qi Hong@4编著 |
| 801 | 0 | @aCN@bQSSK@c20051110 |
| 905 | @a10447@dTN-33@eZ968 | |
| 电工电子实验与计算机仿真/邹其洪等编著.-北京:电子工业出版社,2003.09 |
| 500页:图;24cm.-(高等学校电工电子实践系列) |
| 使用对象:作为本科生电子技术基础课程的实验教材。 |
| ISBN 7-5053-9117-8:CNY38.00 |
| 本书是为高等学校电子、自动化、电气工程等相关专业编著的实验课程教材。本书共分9章。第1,2,3章介绍了常用电工测量仪表、电子测量仪器和电子电路元器件的基本原理和使用方法。第4章介绍了电子工作台EWB的基本操作方法,虚拟电子器件、虚拟仪器仪表和虚拟电路的组建与 |
| ● |
| 相关链接 |
|
|
|
正题名:电工电子实验与计算机仿真
索取号:TN-33/Z968
 
预约/预借
| 序号 | 登录号 | 条形码 | 馆藏地/架位号 | 状态 | 备注 |
| 1 | 577277 | 205772779 | 自科库301/301自科库 23排2列2层/ [索取号:TN-33/Z968] | 在馆 | |
| 2 | 577278 | 205772788 | 自科二线404/404自科库 9排6列5层/ [索取号:TN-33/Z968] | 在馆 | |
| 3 | 577279 | 205772797 | 自科库301/301自科库 23排2列2层/ [索取号:TN-33/Z968] | 在馆 |